000 00462nam a2200145Ia 4500
008 220204s9999 xx 000 0 und d
082 _a632.9(160.3):061.3
_bRAJ
245 0 _aPlant protection in the tropics : Proceedings of the 4th International Conference 1994
260 _aKuala Lumpur
_bMalaysian Plant Protection Society
_c1994
650 _aPest management
650 _aPesticides research
700 _aIbrahim, Y
700 _aRajan, A
942 _cBK
999 _c41341
_d41341